MARC

Tag First Indicator Second Indicator Subfields
LEADER 00000cam a2200000 a 4500
001 in00001604021
005 20151023051001.0
008 010410s2001 enkac 001 0 eng
010 |a  2002437095 
015 |a GBA1-65369 
016 7 |a 101531133  |2 DNLM 
019 |a 47270977  |a 216946864  |a 492186310 
020 |a 085404275X 
020 |a 9780854042753 
029 0 |a UKM  |b bA165369 
035 |a (OCoLC)ocm48533714 
040 |a DLC  |c DLC  |d UKM  |d TXA  |d UtOrBLW 
043 |a e-uk--- 
049 |a TXAM 
050 0 0 |a TD878.4.G7  |b A84 2001 
060 0 0 |a 2010 G-844 
070 0 |a TD878.4.G7  |b A87 2001 
082 0 0 |a 628.5/5  |2 21 
245 0 0 |a Assessment and reclamation of contaminated land /  |c editors, R.E. Hester and R.M. Harrison. 
264 1 |a Cambridge :  |b Royal Society of Chemistry,  |c [2001] 
264 4 |c ©2001 
300 |a xiii, 164 pages :  |b illustrations, 2 portraits ;  |c 25 cm. 
336 |a text  |b txt  |2 rdacontent 
337 |a unmediated  |b n  |2 rdamedia 
338 |a volume  |b nc  |2 rdacarrier 
490 1 |a Issues in environmental science and technology,  |x 1350-7583 ;  |v 16 
504 |a Includes bibliographical references and index. 
505 0 |a The extent of contaminated land problems and the scientific response -- The new UK contaminated land regime -- Identifying and dealing with contaminated land -- Contaminated land and the link with health -- Human health risk assessment : guideline values and magic numbers -- Ecological risk assessment under the new contaminated land regime -- Remediation methods for contaminated sites -- Legal liabilities and insurance aspects of contaminated land. 
650 0 |a Soil pollution  |z Great Britain. 
650 0 |a Soil pollution  |x Law and legislation  |z Great Britain. 
650 0 |a Soil remediation  |z Great Britain. 
650 0 |a Reclamation of land  |z Great Britain. 
700 1 |a Hester, R. E.  |q (Ronald E.) 
700 1 |a Harrison, Roy M.,  |d 1948- 
710 2 |a Royal Society of Chemistry (Great Britain) 
776 0 8 |i Online version:  |t Assessment and reclamation of contaminated land.  |d Cambridge : Royal Society of Chemistry, c2001  |w (OCoLC)606669065 
776 0 8 |i Online version:  |t Assessment and reclamation of contaminated land.  |d Cambridge : Royal Society of Chemistry, c2001  |w (OCoLC)608775166 
830 0 |a Issues in environmental science and technology.  |x 1350-7583 ;  |v 16. 
945 |a PromptCat 
946 |a qatar 
947 |a Q14800152838 
948 |a cataloged  |b h  |c 2002/1/24  |d c  |e ceaton  |f 9:57:39 am 
949 |a updated-AC Qatar  |b h  |c 2005/11/30  |e rrojas 
994 |a E0  |b TXA 
999 |a MARS 
999 f f |s 63cd6c2e-9482-3333-afa2-5a997e1663e4  |i 7dc3c503-38b9-3967-8e44-6923a6de1cbf  |t 0 
952 f f |p ric  |a Texas A&M University  |b Rellis Campus  |c Joint Library Facility  |d Remote Storage  |t 0  |e TD878.4.G7 A84 2001  |h Library of Congress classification  |i unmediated -- volume  |m A14828490860 
998 f f |a TD878.4.G7 A84 2001  |t 0  |l Remote Storage